[Event "CZE-chT2B 2223"]
[Site "Czech Republic"]
[Date "2023.02.19"]
[Round "9.7"]
[White "Janda, Jiri"]
[Black "Fryc, Miroslav"]
[Result "1/2-1/2"]
[WhiteElo "2127"]
[BlackElo "2192"]
[PlyCount "66"]
[EventDate "2022.10.16"]
[EventType "team-tourn"]
[EventRounds "11"]
[EventCountry "CZE"]
[SourceTitle "EXT 2024"]
[Source "ChessBase"]
[SourceDate "2023.10.10"]
[SourceVersion "1"]
[SourceVersionDate "2023.10.10"]
[SourceQuality "1"]
[WhiteTeam "Kobylisy"]
[BlackTeam "Karlovy Vary Tietz"]
[WhiteTeamCountry "CZE"]
[BlackTeamCountry "CZE"]

1. e4 c5 2. Nc3 g6 3. f4 Bg7 4. Nf3 Nc6 5. Bb5 Nd4 6. Bc4 e6 7. e5 d6 8. Ne4 Nxf3+ 9. Qxf3 d5 10. Nd6+ Kf8 11. Be2 Ne7 12. 0-0 Nf5 13. Nxf5 exf5 14. c3 Be6 15. d4 c4 16. Be3 h5 17. Rad1 b5 18. Qh3 Kg8 19. b3 Kh7 20. bxc4 bxc4 21. Bf2 Rb8 22. Bh4 Qa5 23. Rd2 Qa3 24. Bf6 Rb2 25. Rxb2 Qxb2 26. Bd1 Qxa2 27. Qh4 Qb2 28. g4 fxg4 29. Bxg7 Kxg7 30. f5 Bxf5 31. Rxf5 gxf5 32. Qg5+ Kf8 33. Qd8+ Kg7 1/2-1/2

[Event "CZE-chT2B 1920"]
[Site "Czech Republic"]
[Date "2020.01.26"]
[Round "7.8"]
[White "Chaloupka, Frantisek"]
[Black "Janda, Jiri"]
[Result "1/2-1/2"]
[WhiteElo "1978"]
[BlackElo "2162"]
[PlyCount "50"]
[EventDate "2019.10.13"]
[EventType "team-tourn"]
[EventRounds "11"]
[EventCountry "CZE"]
[SourceTitle "EXT 2024"]
[Source "ChessBase"]
[SourceDate "2023.10.10"]
[SourceVersion "1"]
[SourceVersionDate "2023.10.10"]
[SourceQuality "1"]
[WhiteTeam "Litomerice"]
[BlackTeam "Kobylisy"]
[WhiteTeamCountry "CZE"]
[BlackTeamCountry "CZE"]

1. e4 c5 2. Nf3 d6 3. d4 cxd4 4. Nxd4 Nf6 5. Nc3 g6 6. Be3 Bg7 7. f3 Nc6 8. Qd2 0-0 9. Bc4 Nd7 10. h4 Nb6 11. Nxc6 Nxc4 12. Nxd8 Nxd2 13. Bxd2 Rxd8 14. 0-0-0 h6 15. Nd5 e6 16. Ne3 b6 17. Bb4 Bf8 18. Nc4 d5 19. Bxf8 Kxf8 20. exd5 exd5 21. Rd4 Be6 22. Rhd1 Rd7 23. Ne3 Rad8 24. g4 f6 25. f4 g5 1/2-1/2

[Event "CZE-chT2B 1920"]
[Site "Czech Republic"]
[Date "2019.12.15"]
[Round "5.8"]
[White "Kindl, Frantisek"]
[Black "Janda, Jiri"]
[Result "0-1"]
[WhiteElo "1857"]
[BlackElo "2162"]
[PlyCount "66"]
[EventDate "2019.10.13"]
[EventType "team-tourn"]
[EventRounds "11"]
[EventCountry "CZE"]
[SourceTitle "EXT 2024"]
[Source "ChessBase"]
[SourceDate "2023.10.10"]
[SourceVersion "1"]
[SourceVersionDate "2023.10.10"]
[SourceQuality "1"]
[WhiteTeam "Udlice"]
[BlackTeam "Kobylisy"]
[WhiteTeamCountry "CZE"]
[BlackTeamCountry "CZE"]

1. d4 Nf6 2. Nf3 c5 3. c3 Qc7 4. g3 g6 5. Bg2 Bg7 6. 0-0 0-0 7. Bf4 d6 8. dxc5 Qxc5 9. Nbd2 Nbd7 10. Nb3 Qc7 11. Qc1 Re8 12. Bh6 Bh8 13. Qc2 Nb6 14. e4 Bd7 15. Rfe1 Nc4 16. Nbd2 Ng4 17. Bg5 h6 18. Nxc4 Qxc4 19. Bf4 e5 20. Bc1 f5 21. h3 Nf6 22. exf5 Bxf5 23. Qd2 Bg7 24. Nh4 Ne4 25. Qe3 d5 26. g4 Bd7 27. Bxe4 dxe4 28. Qxe4 Qb5 29. Qxg6 Re6 30. Qc2 h5 31. Nf5 Rf6 32. Bg5 Bxf5 33. Bxf6 Bxc2 0-1

[Event "CZE-chT2A 1617"]
[Site "Czech Republic"]
[Date "2017.02.26"]
[Round "9.6"]
[White "Janda, Jiri"]
[Black "Kratochvil, Jakub"]
[Result "1/2-1/2"]
[WhiteElo "2160"]
[BlackElo "2092"]
[PlyCount "74"]
[EventDate "2016.10.09"]
[EventType "team-tourn"]
[EventRounds "11"]
[EventCountry "CZE"]
[SourceTitle "EXT 2022"]
[Source "ChessBase"]
[SourceDate "2021.10.06"]
[SourceVersion "1"]
[SourceVersionDate "2021.10.06"]
[SourceQuality "1"]
[WhiteTeam "Praha Kobylisy"]
[BlackTeam "Pankrac II"]
[WhiteTeamCountry "CZE"]
[BlackTeamCountry "CZE"]

1. e4 c5 2. Nc3 Nc6 3. f4 d6 4. Nf3 e6 5. Bc4 Nf6 6. Bb3 Be7 7. d3 0-0 8. 0-0 a6 9. a4 Qc7 10. Qe1 Rd8 11. Qg3 Bf8 12. f5 Na5 13. Bg5 Be7 14. e5 dxe5 15. Bxf6 Bxf6 16. Ne4 Qe7 17. fxe6 Nxb3 18. exf7+ Qxf7 19. Nxe5 Bxe5 20. Qxe5 Qd5 21. Qxd5+ Rxd5 22. cxb3 Bg4 23. Rfc1 Rxd3 24. Nxc5 Rd2 25. Rc4 Bd7 26. Nxd7 Rxd7 27. Rac1 Re8 28. Rc7 Ree7 29. Rc8+ Kf7 30. b4 Re2 31. R8c2 Re4 32. Rc4 Rxc4 33. Rxc4 Kf6 34. b5 axb5 35. axb5 Rd1+ 36. Kf2 Rd2+ 37. Kf3 Rxb2 1/2-1/2

[Event "CZE-chT2A 1617"]
[Site "Czech Republic"]
[Date "2016.11.27"]
[Round "4.8"]
[White "Pospech, Radim"]
[Black "Janda, Jiri"]
[Result "1/2-1/2"]
[WhiteElo "2074"]
[BlackElo "2160"]
[PlyCount "73"]
[EventDate "2016.10.09"]
[EventType "team-tourn"]
[EventRounds "11"]
[EventCountry "CZE"]
[SourceTitle "EXT 2022"]
[Source "ChessBase"]
[SourceDate "2021.10.06"]
[SourceVersion "1"]
[SourceVersionDate "2021.10.06"]
[SourceQuality "1"]
[WhiteTeam "Praha Dukla"]
[BlackTeam "Praha Kobylisy"]
[WhiteTeamCountry "CZE"]
[BlackTeamCountry "CZE"]

1. d4 Nf6 2. c4 c5 3. d5 e5 4. Nc3 d6 5. e4 Nbd7 6. Bd3 Be7 7. Nf3 a6 8. a4 0-0 9. 0-0 Ne8 10. Bd2 g6 11. Qc2 Ng7 12. Bh6 Kh8 13. Ne2 Nf6 14. Ng3 Ng8 15. Bd2 f5 16. b4 cxb4 17. Bxb4 f4 18. Ne2 Bg4 19. Nd2 Rc8 20. f3 Bd7 21. a5 g5 22. Nc3 Nf6 23. Na4 g4 24. Nb6 Rc7 25. Nxd7 Qxd7 26. Nb3 Rg8 27. Kh1 Ngh5 28. Be2 Qe8 29. Be1 Qg6 30. Rc1 Qh6 31. Kg1 Bd8 32. Qd1 Rcg7 33. c5 gxf3 34. Bxf3 Ng4 35. Bxg4 Rxg4 36. Rc2 Qg6 37. Qe2 1/2-1/2

[Event "CZE-chT2A 1617"]
[Site "Czech Republic"]
[Date "2016.10.30"]
[Round "2.8"]
[White "Janda, Jiri"]
[Black "Fryc, Miroslav"]
[Result "1/2-1/2"]
[WhiteElo "2160"]
[BlackElo "2150"]
[PlyCount "42"]
[EventDate "2016.10.09"]
[EventType "team-tourn"]
[EventRounds "11"]
[EventCountry "CZE"]
[SourceTitle "EXT 2022"]
[Source "ChessBase"]
[SourceDate "2021.10.06"]
[SourceVersion "1"]
[SourceVersionDate "2021.10.06"]
[SourceQuality "1"]
[WhiteTeam "Praha Kobylisy"]
[BlackTeam "Karlovy Vary Tietz"]
[WhiteTeamCountry "CZE"]
[BlackTeamCountry "CZE"]

1. e4 c5 2. Nc3 d6 3. f4 Nc6 4. Nf3 g6 5. Bc4 Bg7 6. d3 e6 7. 0-0 Nge7 8. Qe1 Nd4 9. Nxd4 cxd4 10. Ne2 0-0 11. Bb3 Bd7 12. f5 exf5 13. Qh4 d5 14. exd5 Nc8 15. Bg5 Qb6 16. Rf3 Re8 17. Nf4 Qd6 18. Bh6 Bf6 19. Bg5 Bg7 20. Bh6 Bf6 21. Bg5 Bg7 1/2-1/2

[Event "CZE-chT2A 1617"]
[Site "Czech Republic"]
[Date "2016.10.09"]
[Round "1.8"]
[White "Turner, Radek"]
[Black "Janda, Jiri"]
[Result "1/2-1/2"]
[WhiteElo "2046"]
[BlackElo "2160"]
[PlyCount "65"]
[EventDate "2016.10.09"]
[EventType "team-tourn"]
[EventRounds "11"]
[EventCountry "CZE"]
[SourceTitle "EXT 2022"]
[Source "ChessBase"]
[SourceDate "2021.10.06"]
[SourceVersion "1"]
[SourceVersionDate "2021.10.06"]
[SourceQuality "1"]
[WhiteTeam "Kozolupy"]
[BlackTeam "Praha Kobylisy"]
[WhiteTeamCountry "CZE"]
[BlackTeamCountry "CZE"]

1. c4 g6 2. g3 Bg7 3. Bg2 e5 4. Nc3 f5 5. d3 Nf6 6. e4 d6 7. Nge2 0-0 8. 0-0 c6 9. exf5 gxf5 10. d4 Qe7 11. Bg5 Na6 12. d5 c5 13. a3 Bd7 14. Rb1 Rac8 15. Qd2 Qf7 16. Nb5 Bxb5 17. cxb5 Nc7 18. Nc3 b6 19. Rbd1 Qh5 20. h3 Rce8 21. a4 Nd7 22. Be3 f4 23. gxf4 exf4 24. Bxf4 Ne5 25. Bxe5 Bxe5 26. Rde1 Kh8 27. Qd1 Qh6 28. Re4 Rg8 29. Rg4 Rxg4 30. Qxg4 Rg8 31. Qf3 Rf8 32. Qg4 Rg8 33. Qf3 1/2-1/2

[Event "CZE-chT1W 1516"]
[Site "Czech Republic"]
[Date "2016.03.20"]
[Round "10.8"]
[White "Janda, Jiri"]
[Black "Petr, Jan"]
[Result "1/2-1/2"]
[WhiteElo "2214"]
[BlackElo "2147"]
[PlyCount "49"]
[EventDate "2015.10.11"]
[EventType "team-tourn"]
[EventRounds "11"]
[EventCountry "CZE"]
[SourceTitle "EXT 2017"]
[Source "ChessBase"]
[SourceDate "2016.10.25"]
[SourceVersion "1"]
[SourceVersionDate "2016.10.25"]
[SourceQuality "1"]
[WhiteTeam "Praha Kobylisy"]
[BlackTeam "Praha Pankrac"]
[WhiteTeamCountry "CZE"]
[BlackTeamCountry "CZE"]

1. e4 e5 2. Nf3 Nf6 3. Nxe5 d6 4. Nf3 Nxe4 5. Nc3 Nxc3 6. dxc3 Be7 7. Bf4 Nd7 8. Qd2 Nc5 9. 0-0-0 0-0 10. Be3 c6 11. Kb1 a5 12. Nd4 a4 13. a3 Bf6 14. f3 Re8 15. Bd3 Qa5 16. Rhe1 Bd7 17. g4 Nxd3 18. Qxd3 Qa6 19. Qxa6 bxa6 20. g5 Be7 21. Bf4 Bf8 22. Ne2 Re6 23. Ng3 d5 24. Rxe6 fxe6 25. c4 1/2-1/2

[Event "CZE-chT1W 1213"]
[Site "Czech Republic"]
[Date "2013.02.24"]
[Round "8.8"]
[White "Kozusek, Daniel"]
[Black "Janda, Jiri"]
[Result "1/2-1/2"]
[WhiteElo "2043"]
[BlackElo "2192"]
[PlyCount "79"]
[EventDate "2012.10.28"]
[EventType "team-tourn"]
[EventRounds "11"]
[EventCountry "CZE"]
[SourceTitle "EXT 2014"]
[Source "ChessBase"]
[SourceDate "2013.11.20"]
[SourceVersion "1"]
[SourceVersionDate "2013.11.20"]
[SourceQuality "1"]
[WhiteTeam "Polabiny"]
[BlackTeam "Praha Kobylisy"]
[WhiteTeamCountry "CZE"]
[BlackTeamCountry "CZE"]

1. d4 Nf6 2. c4 c5 3. Nf3 g6 4. g3 Bg7 5. Bg2 Nc6 6. d5 Na5 7. Qc2 d6 8. e4 0-0 9. 0-0 a6 10. a4 e5 11. dxe6 Bxe6 12. Na3 h6 13. Rb1 Qd7 14. Rd1 b5 15. axb5 axb5 16. b3 b4 17. Nb5 Nxe4 18. Ne5 Bxe5 19. Bxe4 Ra6 20. Bxh6 Bg7 21. Bxg7 Kxg7 22. Qb2+ f6 23. Rd2 Bxc4 24. Nxd6 Rxd6 25. Rxd6 Qxd6 26. bxc4 Nxc4 27. Qe2 Nb6 28. Rd1 Qe6 29. Qb5 Qxe4 30. Qxb6 Qc2 31. Rd7+ Rf7 32. Rd8 Qb1+ 33. Kg2 Qe4+ 34. Kg1 Re7 35. Qxc5 b3 36. Rb8 Qe1+ 37. Kg2 Qe4+ 38. Kg1 Qe1+ 39. Kg2 Qe4+ 40. Kg1 1/2-1/2

[Event "CZE-chT1W 1213"]
[Site "Czech Republic"]
[Date "2013.02.10"]
[Round "7.6"]
[White "Janda, Jiri"]
[Black "Londyn, Radek"]
[Result "1/2-1/2"]
[WhiteElo "2192"]
[BlackElo "2339"]
[PlyCount "94"]
[EventDate "2012.10.28"]
[EventType "team-tourn"]
[EventRounds "11"]
[EventCountry "CZE"]
[SourceTitle "EXT 2014"]
[Source "ChessBase"]
[SourceDate "2013.11.20"]
[SourceVersion "1"]
[SourceVersionDate "2013.11.20"]
[SourceQuality "1"]
[WhiteTeam "Praha Kobylisy"]
[BlackTeam "Lysa nad Labem II"]
[WhiteTeamCountry "CZE"]
[BlackTeamCountry "CZE"]

1. e4 e5 2. Nf3 Nc6 3. Bb5 a6 4. Ba4 Nf6 5. Bxc6 dxc6 6. d3 Bd6 7. Nbd2 Nd7 8. b3 Qe7 9. Bb2 Ba3 10. Qc1 Bxb2 11. Qxb2 c5 12. Nc4 f6 13. a4 Nb8 14. Ne3 Nc6 15. 0-0 Nd4 16. Nxd4 cxd4 17. Nd5 Qd8 18. a5 Be6 19. f4 Bxd5 20. exd5 Qxd5 21. fxe5 fxe5 22. Rae1 0-0-0 23. Qa3 Rhe8 24. Re4 Qd6 25. Qc1 Rf8 26. Rfe1 Rf5 27. Qd2 Rdf8 28. Qe2 Qf6 29. h3 Rf2 30. Qg4+ Kb8 31. Rxe5 Rxc2 32. Qxd4 Rd8 33. Qxd8+ Qxd8 34. Re8 Kc8 35. R1e7 Rb2 36. Rxd8+ Kxd8 37. Rxg7 h5 38. Rh7 Rxb3 39. Rxh5 Rxd3 40. Kf2 b5 41. Rh6 b4 42. Rxa6 Kc8 43. Rc6 b3 44. Rc4 Kb7 45. Ke2 Rg3 46. Kf2 Rd3 47. Ke2 Rg3 1/2-1/2

[Event "CZE-chT1W 1213"]
[Site "Czech Republic"]
[Date "2013.01.27"]
[Round "6.7"]
[White "Janda, Jiri"]
[Black "Markovic, Milan2222"]
[Result "1-0"]
[WhiteElo "2192"]
[BlackElo "2194"]
[PlyCount "79"]
[EventDate "2012.10.28"]
[EventType "team-tourn"]
[EventRounds "11"]
[EventCountry "CZE"]
[SourceTitle "EXT 2014"]
[Source "ChessBase"]
[SourceDate "2013.11.20"]
[SourceVersion "1"]
[SourceVersionDate "2013.11.20"]
[SourceQuality "1"]
[WhiteTeam "Praha Kobylisy"]
[BlackTeam "Praha Sokol"]
[WhiteTeamCountry "CZE"]
[BlackTeamCountry "CZE"]

1. e4 Nf6 2. e5 Nd5 3. d4 d6 4. c4 Nb6 5. f4 g6 6. Nc3 Bg7 7. Be3 0-0 8. c5 N6d7 9. Nf3 c6 10. Bd3 b6 11. cxd6 exd6 12. 0-0 Na6 13. Ne4 dxe5 14. fxe5 c5 15. Bg5 Qc7 16. Rc1 Nb4 17. Bc4 Ba6 18. Bxa6 Nxa6 19. Be7 Rfe8 20. Bd6 Qb7 21. Nfg5 h6 22. Qf3 Qd5 23. Nxf7 cxd4 24. Qg4 Qe6 25. Qh4 g5 26. Qh5 Nac5 27. Nf6+ Nxf6 28. Nxh6+ Bxh6 29. Rxf6 Bg7 30. Rxe6 Nxe6 31. Rf1 Rac8 32. Qf7+ Kh7 33. Be7 Nf4 34. h4 Rf8 35. Bxf8 Rxf8 36. Qc4 Bxe5 37. hxg5 Rf5 38. Re1 Bd6 39. Re8 Kg6 40. Qc6 1-0

[Event "CZE-chT1W 1213"]
[Site "Czech Republic"]
[Date "2012.10.28"]
[Round "1.8"]
[White "Cesal, Jaroslav"]
[Black "Janda, Jiri"]
[Result "1-0"]
[WhiteElo "2199"]
[BlackElo "2192"]
[PlyCount "89"]
[EventDate "2012.10.28"]
[EventType "team-tourn"]
[EventRounds "11"]
[EventCountry "CZE"]
[SourceTitle "EXT 2013"]
[Source "ChessBase"]
[SourceDate "2012.11.22"]
[SourceVersion "1"]
[SourceVersionDate "2012.11.22"]
[SourceQuality "1"]
[WhiteTeam "Praha Holdia II"]
[BlackTeam "Praha Kobylisy"]
[WhiteTeamCountry "CZE"]
[BlackTeamCountry "CZE"]

1. d4 Nf6 2. Nf3 c5 3. c3 g6 4. dxc5 Qc7 5. b4 a5 6. Na3 Na6 7. Qb3 Bg7 8. Bb2 0-0 9. e3 axb4 10. cxb4 b6 11. Nb5 Qd8 12. cxb6 Qxb6 13. Be2 d6 14. a3 Bd7 15. Nc3 Nc5 16. Qa2 Na4 17. Nxa4 Rxa4 18. 0-0 Rfa8 19. Ng5 e6 20. Qb3 h6 21. Nf3 Nd5 22. Bxg7 Kxg7 23. Bc4 Nf6 24. Rfd1 Ne8 25. Qb2+ Kg8 26. Ne5 Bb5 27. Bxb5 Qxb5 28. Ng4 Qg5 29. h3 h5 30. f4 Qe7 31. Nf2 Qa7 32. Rd3 Qb6 33. Kh2 Qb5 34. Rd4 e5 35. Rd2 exf4 36. exf4 Qf5 37. Rd4 Qf6 38. Nd1 Rxa3 39. Rxa3 Rxa3 40. b5 Ra8 41. b6 Rb8 42. Ne3 Rb7 43. Nd5 Qg7 44. Qd2 Kf8 45. Rc4 1-0

[Event "CZE-chT2C 1112"]
[Site "Czech Republic"]
[Date "2012.03.04"]
[Round "9.6"]
[White "Rydl, Jiri"]
[Black "Janda, Jiri"]
[Result "0-1"]
[WhiteElo "2017"]
[BlackElo "2232"]
[PlyCount "90"]
[EventDate "2011.10.09"]
[EventType "team-tourn"]
[EventRounds "11"]
[EventCountry "CZE"]
[SourceTitle "EXT 2013"]
[Source "ChessBase"]
[SourceDate "2012.11.22"]
[SourceVersion "1"]
[SourceVersionDate "2012.11.22"]
[SourceQuality "1"]
[WhiteTeam "Vlasim"]
[BlackTeam "Kobylisy"]
[WhiteTeamCountry "CZE"]
[BlackTeamCountry "CZE"]

1. e4 c5 2. c3 d6 3. d4 Qc7 4. Bd3 g6 5. Ne2 Bg7 6. Be3 Nf6 7. f3 0-0 8. Qd2 Re8 9. Bh6 Bh8 10. h4 e5 11. d5 c4 12. Bc2 b5 13. h5 a5 14. g4 Na6 15. Ng3 Nc5 16. Be3 Re7 17. Qf2 Nfd7 18. Qh2 Bf6 19. Qd2 b4 20. Bg5 b3 21. Bxf6 bxc2 22. Bxe7 c1Q+ 23. Qxc1 Nd3+ 24. Kd2 Nxc1 25. Kxc1 Nc5 26. Bg5 Nd3+ 27. Kd2 Qb6 28. Na3 Qf2+ 29. Ne2 Qxf3 30. hxg6 fxg6 31. Nxc4 Bxg4 32. Rh2 Nf2 33. Rxf2 Qxf2 34. Re1 Qc5 35. b3 a4 36. Be3 Qb5 37. Na3 Qb7 38. b4 Rc8 39. Kd3 h5 40. Bg5 Rf8 41. Ng1 Rf2 42. Ra1 Qf7 43. Nc4 Be2+ 44. Nxe2 Qf3+ 45. Kc2 Qxe4+ 0-1

[Event "CZE-chT2C 1112"]
[Site "Czech Republic"]
[Date "2012.02.19"]
[Round "8.5"]
[White "Starek, Stanislav"]
[Black "Janda, Jiri"]
[Result "1-0"]
[WhiteElo "1978"]
[BlackElo "2232"]
[PlyCount "53"]
[EventDate "2011.10.09"]
[EventType "team-tourn"]
[EventRounds "11"]
[EventCountry "CZE"]
[SourceTitle "EXT 2013"]
[Source "ChessBase"]
[SourceDate "2012.11.22"]
[SourceVersion "1"]
[SourceVersionDate "2012.11.22"]
[SourceQuality "1"]
[WhiteTeam "Ricany"]
[BlackTeam "Kobylisy"]
[WhiteTeamCountry "CZE"]
[BlackTeamCountry "CZE"]

1. d4 Nf6 2. c4 c5 3. d5 e6 4. Nc3 exd5 5. cxd5 Bd6 6. Nf3 0-0 7. g3 Re8 8. Bg2 Bf8 9. 0-0 d6 10. Re1 Na6 11. e4 Rb8 12. Bf1 Nc7 13. a4 Bg4 14. h3 Bxf3 15. Qxf3 Nfxd5 16. Nxd5 Nxd5 17. Bb5 Re5 18. Bc4 Qf6 19. Ra3 Rbe8 20. Qd1 Nb6 21. Rf3 Qxf3 22. Qxf3 Nxc4 23. Qd3 d5 24. Bf4 Rxe4 25. Rxe4 Rxe4 26. Qxd5 Re1+ 27. Kg2 1-0

[Event "CZE-chT1W 1011"]
[Site "Czech Republic"]
[Date "2011.02.13"]
[Round "8.7"]
[White "Janda, Jiri"]
[Black "Reznicek, Tomas"]
[Result "0-1"]
[WhiteElo "2221"]
[BlackElo "2252"]
[PlyCount "96"]
[EventDate "2010.10.10"]
[EventType "team-tourn"]
[EventRounds "11"]
[EventCountry "CZE"]
[SourceTitle "EXT 2012"]
[Source "ChessBase"]
[SourceDate "2011.11.24"]
[SourceVersion "1"]
[SourceVersionDate "2011.11.24"]
[SourceQuality "1"]
[WhiteTeam "Praha Kobylisy"]
[BlackTeam "Pankrac"]
[WhiteTeamCountry "CZE"]
[BlackTeamCountry "CZE"]

1. e4 e5 2. Nf3 Nc6 3. Bb5 a6 4. Ba4 Nf6 5. Qe2 b5 6. Bb3 Bc5 7. c3 0-0 8. d3 d6 9. Bg5 Be6 10. Nbd2 h6 11. Bh4 Qe7 12. Bd5 Bd7 13. Nf1 Rab8 14. g4 Nd8 15. g5 hxg5 16. Bxg5 c6 17. Bb3 Ne6 18. Rg1 Nxg5 19. Nxg5 a5 20. h4 a4 21. Bd1 d5 22. Qf3 Rfd8 23. Qg2 Qf8 24. h5 dxe4 25. dxe4 Ne8 26. h6 g6 27. Qf3 f6 28. h7+ Kh8 29. Nh3 Qf7 30. Ne3 Be6 31. Be2 b4 32. Ng4 a3 33. b3 bxc3 34. Nh6 Qxh7 35. Ng4 Qg7 36. Ng5 Bxg4 37. Qxg4 fxg5 38. Rh1+ Kg8 39. Qe6+ Kf8 40. Rh3 Rd6 41. Rf3+ Nf6 42. Qxe5 Bb4 43. Qxg5 Kg8 44. Bc4+ Kh8 45. Ke2 Rd2+ 46. Kf1 Nh7 47. Rh3 Rf8 48. Rxh7+ Kxh7 0-1